Control system technology (Record no. 68561)

000 -LEADER
fixed length control field 00432nam a22001697a 4500
003 - CONTROL NUMBER IDENTIFIER
control field NUST - PNEC
005 - DATE AND TIME OF LATEST TRANSACTION
control field 20170116181056.0
008 - FIXED-LENGTH DATA ELEMENTS--GENERAL INFORMATION
fixed length control field 151001b xxu||||| |||| 00| 0 eng d
020 ## - INTERNATIONAL STANDARD BOOK NUMBER
International Standard Book Number 0713136782
040 ## - CATALOGING SOURCE
Transcribing agency LIBRARY
082 ## - DEWEY DECIMAL CLASSIFICATION NUMBER
Classification number 629.8312 CHE
100 ## - MAIN ENTRY--PERSONAL NAME
9 (RLIN) 12077
Personal name Chesmond, C. J.
245 ## - TITLE STATEMENT
Title Control system technology
Statement of responsibility, etc. C. J.Chesmond
260 ## - PUBLICATION, DISTRIBUTION, ETC.
Date of publication, distribution, etc. c 1982
650 ## - SUBJECT ADDED ENTRY--TOPICAL TERM
9 (RLIN) 12078
Topical term or geographic name entry element Automatic control
General subdivision EE/EL
942 ## - ADDED ENTRY ELEMENTS (KOHA)
Source of classification or shelving scheme
Koha item type Book
Holdings
Withdrawn status Lost status Source of classification or shelving scheme Damaged status Not for loan Permanent Location Current Location Shelving location Date acquired Total Checkouts Full call number Barcode Date last seen Price effective from Koha item type
          Pakistan Navy Engineering College (PNEC) Pakistan Navy Engineering College (PNEC)   10/01/2015   629.8312 CHE PNECLIB-013281 10/01/2015   Book
© 2023 Central Library, National University of Sciences and Technology. All Rights Reserved.